Отчет... с 1-го февраля 1887 по 1-е февраля 1888 года$90: с 1-го февраля 1887 по 1-е февраля 1888 года (Запись № 3874127)

Подробности
000 -МАРКЕР
контрольное поле 01106nam2a22002291 4500
001 - ИДЕНТИФИКАТОР ЗАПИСИ
контрольное поле v19\rc\1243039
005 - ИДЕНТИФИКАТОР ВЕРСИИ
контрольное поле 20250617233018.0
035 ## - ДРУГИЕ СИСТЕМНЫЕ НОМЕРА
Идентификатор записи (NLR Aleph) 004400660
100 ## - ДАННЫЕ ОБЩЕЙ ОБРАБОТКИ
Данные общей обработки 20060306d1888 |||y0rusy50 ca
101 0# - ЯЗЫК РЕСУРСА
Язык текста, звукозаписи и т.д. русский
102 ## - СТРАНА ПУБЛИКАЦИИ ИЛИ ПРОИЗВОДСТВА
Страна публикации Российская Федерация
105 ## - ПОЛЕ КОДИРОВАННЫХ ДАННЫХ: ТЕКСТОВЫЕ МАТЕРИАЛЫ, МОНОГРАФИЧЕСКИЕ
Кодированные данные о монографическом текстовом документе y z |||||
200 0# - ЗАГЛАВИЕ И СВЕДЕНИЯ ОБ ОТВЕТСТВЕННОСТИ
Основное заглавие с 1-го февраля 1887 по 1-е февраля 1888 года
Сведения, относящиеся к заглавию 6-й
210 ## - ПУБЛИКАЦИЯ, РАСПРОСТРАНЕНИЕ И ДР.
Дата издания, распространения и т.д. 1888
Место издания, распространения и т.д. Б. м.
215 ## - ФИЗИЧЕСКАЯ ХАРАКТЕРИСТИКА
Специфическое обозначение материала и объем 15 с.
461 #0 - УРОВЕНЬ НАБОРА
Встроенное поле 001v19\rc\1243036
-- 2001#$aОтчет...$fО-во взаимного вспоможения наборщиков г. Харькова$vс 1-го февраля 1887 по 1-е февраля 1888 года$90
Системный номер (АБИС) связанной записи 3874092
Автор Харьковское общество взаимного вспоможения наборщиков
Место публикации Харьков
Дата публикации 1886-1915
Первые сведения об ответственности О-во взаимного вспоможения наборщиков г. Харькова
Заглавие Отчет...
Номер тома с 1-го февраля 1887 по 1-е февраля 1888 года$90
801 #0 - ИСТОЧНИК ЗАПИСИ
Страна Российская Федерация
Организация NLR
Правила каталогизации psbo
801 #1 - ИСТОЧНИК ЗАПИСИ
Страна Российская Федерация
Организация ProSoft-M
Источник данных rusmarc
852 ## - МЕСТОНАХОЖДЕНИЕ И ШИФР ХРАНЕНИЯ
Идентификатор организации NLR
Шифр хранения (Call Number) 18.319.5.4
942 ## - ДОПОЛНИТЕЛЬНЫЕ ЭЛЕМЕНТЫ ЗАПИСИ (АБИС)
Тип экземпляра АБИС Книга
980 ## - КОЛЛЕКЦИЯ
Название коллекции Национальная библиография
Экземпляры
Тип экземпляра Дата поступления Библиотека постоянного хранения Библиотека текущего хранения Место хранения Шифр хранения Штрих-код Статус экземпляра
Книга 26.10.2013 РНБ (Садовая) РНБ (Садовая) Русский книжный фонд -Главное здание, Ленинский читальный зал 18.319.5.4 4400660-10